<?xml version="1.0" encoding="UTF-8"?>
<record
    xmlns:xsi="http://www.w3.org/2001/XMLSchema-instance"
    xsi:schemaLocation="http://www.loc.gov/MARC21/slim http://www.loc.gov/standards/marcxml/schema/MARC21slim.xsd"
    xmlns="http://www.loc.gov/MARC21/slim">

  <leader>00532nam a22001817a 4500</leader>
  <datafield tag="999" ind1=" " ind2=" ">
    <subfield code="c">12043</subfield>
    <subfield code="d">12043</subfield>
  </datafield>
  <controlfield tag="005">20190420191450.0</controlfield>
  <controlfield tag="008">181215c2018    ru ||||| |||| 00| 0 rus d</controlfield>
  <datafield tag="022" ind1=" " ind2=" ">
    <subfield code="a">0002-1881</subfield>
  </datafield>
  <datafield tag="040" ind1=" " ind2=" ">
    <subfield code="c"> </subfield>
  </datafield>
  <datafield tag="041" ind1=" " ind2=" ">
    <subfield code="a">rus</subfield>
  </datafield>
  <datafield tag="245" ind1=" " ind2=" ">
    <subfield code="a">&#x410;&#x433;&#x440;&#x43E;&#x445;&#x438;&#x43C;&#x438;&#x44F; :</subfield>
    <subfield code="b">2018 #7 &#x438;&#x44E;&#x43B;&#x44C; /.</subfield>
    <subfield code="c"> &#x440;&#x435;&#x434;. &#x412;.&#x41D;. &#x41A;&#x443;&#x434;&#x435;&#x44F;&#x440;&#x43E;&#x432;.</subfield>
  </datafield>
  <datafield tag="260" ind1=" " ind2=" ">
    <subfield code="a">&#x41C;&#x43E;&#x441;&#x43A;&#x432;&#x430; :</subfield>
  </datafield>
  <datafield tag="300" ind1=" " ind2=" ">
    <subfield code="a">v.</subfield>
  </datafield>
  <datafield tag="653" ind1=" " ind2=" ">
    <subfield code="a">&#x10D0;&#x10D2;&#x10E0;&#x10DD;&#x10DC;&#x10DD;&#x10DB;&#x10D8;&#x10D0;</subfield>
  </datafield>
  <datafield tag="653" ind1=" " ind2=" ">
    <subfield code="a">&#x10DE;&#x10D4;&#x10E0;&#x10D8;&#x10DD;&#x10D3;&#x10D8;&#x10D9;&#x10D0;</subfield>
  </datafield>
  <datafield tag="700" ind1=" " ind2=" ">
    <subfield code="a">  &#x41A;&#x443;&#x434;&#x435;&#x44F;&#x440;&#x43E;&#x432;, &#x412;.&#x41D;.</subfield>
    <subfield code="e">&#x10E0;&#x10D4;&#x10D3;&#x10D0;&#x10E5;&#x10E2;&#x10DD;&#x10E0;&#x10D8;</subfield>
    <subfield code="9">27</subfield>
  </datafield>
  <datafield tag="942" ind1=" " ind2=" ">
    <subfield code="2">udc</subfield>
    <subfield code="c">CR</subfield>
  </datafield>
  <datafield tag="952" ind1=" " ind2=" ">
    <subfield code="0">0</subfield>
    <subfield code="1">0</subfield>
    <subfield code="2">udc</subfield>
    <subfield code="4">0</subfield>
    <subfield code="7">0</subfield>
    <subfield code="9">82680</subfield>
    <subfield code="a">MPL</subfield>
    <subfield code="b">MPL</subfield>
    <subfield code="d">2019-04-10</subfield>
    <subfield code="p">78938</subfield>
    <subfield code="r">2019-04-10</subfield>
    <subfield code="t">78938</subfield>
    <subfield code="w">2019-04-10</subfield>
    <subfield code="y">CR</subfield>
  </datafield>
</record>
